000 00438nam a2200145 i 4500
001 93147
003 ES-MaACL
007 t|
008 050408s1947 xxu ||||1| eng d
100 1 _aLondon, Kurt.
_973219
245 1 0 _aBackgrounds of conflict
_b: ideas and forms in world politics /
_cby Kurt London.
260 _aNew York :
_bThe Macmillan Company,
_c1947.
300 _aXVI, 487 p. ;
_c22 cm.
852 _aES-MaACL
_jB-1600
_bR.29407
999 _c93147
_d93147